[Event "Ambalangoda Dhamso op 2nd"]
[Site "Ambalangoda"]
[Date "2012.04.23"]
[Round "9"]
[White "Thilakarathne, DGD Chamil"]
[Black "Sandamith, WM."]
[Result "0-1"]
[WhiteElo "1644"]
[BlackElo "1780"]
[PlyCount "74"]
[EventDate "2012.04.19"]
[EventType "swiss"]
[EventRounds "9"]
[EventCountry "SRI"]
[SourceTitle "CBM 148 Extra"]
[Source "ChessBase"]
[SourceDate "2012.06.22"]
[SourceVersion "1"]
[SourceVersionDate "2012.06.22"]
[SourceQuality "1"]

1. d4 Nf6 2. c4 c5 3. d5 e6 4. Nc3 exd5 5. cxd5 d6 6. e4 g6 7. Bd3 Bg7 8. Nge2 0-0 9. 0-0 a6 10. a4 Re8 11. f3 Qc7 12. Bc4 Nbd7 13. Bf4 Nh5 14. Bd2 Ne5 15. Qb3 Rb8 16. Rfe1 Bd7 17. a5 b5 18. axb6 Rxb6 19. Qa2 Nxc4 20. Qxc4 Rxb2 21. Qd3 Qb7 22. Rab1 Rb4 23. Qc2 Rb8 24. Rxb4 cxb4 25. Rb1 Qa7+ 26. Kf1 bxc3 27. Rxb8+ Qxb8 28. Bxc3 Bb5 29. Bxg7 Nxg7 30. Ke1 Bxe2 31. Kxe2 Qb5+ 32. Ke1 Ne8 33. Qc8 Kg7 34. Qd8 a5 35. e5 Qxd5 36. Qxe8 Qxe5+ 37. Qxe5+ dxe5 0-1